[Event "GRE-ch U16"]
[Site "Peristeri"]
[Date "2023.07.09"]
[Round "9"]
[White "Yannopapas, Leontios"]
[Black "Pouliasis, Gerasimos Angelos"]
[Result "0-1"]
[WhiteElo "1626"]
[BlackElo "1176"]
[PlyCount "54"]
[EventDate "2023.07.03"]
[EventType "swiss"]
[EventRounds "9"]
[EventCountry "GRE"]
[SourceTitle "EXT 2024"]
[Source "ChessBase"]
[SourceDate "2023.10.10"]
[SourceVersion "1"]
[SourceVersionDate "2023.10.10"]
[SourceQuality "1"]

1. d4 Nf6 2. c4 e6 3. Nc3 Bb4 4. e3 0-0 5. Bd3 d5 6. a3 dxc4 7. Bxc4 Bd6 8. Nge2 c5 9. Bd3 a6 10. Qc2 cxd4 11. exd4 Nc6 12. Bg5 h6 13. Bh4 Be7 14. 0-0-0 b5 15. Na2 Bd7 16. Kb1 Qa5 17. f3 Rfc8 18. Be1 Qb6 19. Qd2 b4 20. axb4 Nd5 21. Bc2 Ncxb4 22. Bb3 a5 23. Bxd5 exd5 24. Nec3 Bf5+ 25. Ne4 dxe4 26. Qf4 Be6 27. Nc3 Nd3 0-1

[Event "GRE-ch Schools Gym-C"]
[Site "Athen"]
[Date "2022.06.12"]
[Round "1"]
[White "Pouliasis, Gerasimos Angelos"]
[Black "Karamichos, Michail"]
[Result "0-1"]
[WhiteElo "1101"]
[BlackElo "1839"]
[PlyCount "106"]
[EventDate "2022.06.12"]
[EventType "swiss"]
[EventRounds "9"]
[EventCountry "GRE"]
[SourceTitle "EXT 2023"]
[Source "ChessBase"]
[SourceDate "2022.10.05"]
[SourceVersion "1"]
[SourceVersionDate "2022.10.05"]
[SourceQuality "1"]

1. e4 e5 2. Nf3 Nc6 3. d4 exd4 4. Nxd4 Bc5 5. Be3 Qf6 6. c3 Nge7 7. Be2 0-0 8. Nxc6 Qxc6 9. Bxc5 Qxc5 10. Qd4 Qxd4 11. cxd4 d5 12. exd5 Nxd5 13. Nc3 Nf4 14. g3 Nxe2 15. Kxe2 Re8+ 16. Kf3 b6 17. Rhe1 Bb7+ 18. Kg4 Kf8 19. Re5 Rad8 20. Rxe8+ Kxe8 21. Rd1 a6 22. Kf4 Rd6 23. Rd2 Rf6+ 24. Ke3 Kd7 25. f4 Re6+ 26. Kf2 Rh6 27. Ke3 Re6+ 28. Kf2 h5 29. Re2 Rd6 30. Ke3 h4 31. Rd2 hxg3 32. hxg3 Rg6 33. Kf2 Rh6 34. Ke3 Rh1 35. d5 Re1+ 36. Kf2 Rh1 37. Kg2 Re1 38. Kf2 Re8 39. Kf3 f5 40. g4 fxg4+ 41. Kxg4 Kd6 42. Kf5 Rf8+ 43. Kg4 Bc8+ 44. Kg3 Bf5 45. Kf3 Re8 46. Rg2 g6 47. Rh2 Re1 48. Rd2 Rf1+ 49. Ke3 Rh1 50. Rg2 Rh3+ 51. Ke2 b5 52. a3 Kc5 53. Kd2 Rf3 0-1